Danza educativa moderna / (Record no. 87517)

MARC details
000 -LEADER
campo de control de longitud fija 00830nam a2200229 i 4500
001 - NÚMERO DE CONTROL
campo de control 87517
003 - IDENTIFICADOR DE NÚMERO DE CONTROL
campo de control ES-MaACL
007 - CAMPO FIJO DE DESCRIPCIÓN FÍSICA--INFORMACIÓN GENERAL
campo de control de longitud fija t|
008 - DATOS DE LONGITUD FIJA--INFORMACIÓN GENERAL
campo de control de longitud fija 041222s1984 sp ||||1| spa d
020 ## - NÚMERO INTERNACIONAL ESTÁNDAR DEL LIBRO
Número Internacional Estándar del Libro 84-7509-323-X
100 1# - ENTRADA PRINCIPAL--NOMBRE DE PERSONA
Nombre de persona Laban, Rudolf.
9 (RLIN) 69199
245 10 - MENCIÓN DEL TÍTULO
Título Danza educativa moderna /
Mención de responsabilidad, etc. Rudolf Laban ; edición corregida y ampliada por Lisa Ullmann ; traducción de Amanda Ares Vidal.
250 ## - MENCION DE EDICION
Mención de edición 3ª ed. en inglés, 1ª reimp. en España.
260 ## - PUBLICACIÓN, DISTRIBUCIÓN, ETC.
Lugar de publicación, distribución, etc. Barcelona ;
-- Buenos Aires :
Nombre del editor, distribuidor, etc. Paidós,
Fecha de publicación, distribución, etc. 1984.
300 ## - DESCRIPCIÓN FÍSICA
Extensión 133 p. ;
Dimensiones 20 cm.
490 1# - MENCIÓN DE SERIE
Mención de serie Biblioteca de técnicas y lenguajes corporales ;
Designación de volumen o secuencia 2
700 1# - ENTRADA AGREGADA--NOMBRE PERSONAL
Nombre de persona Ullmann, Lisa.
9 (RLIN) 111934
700 1# - ENTRADA AGREGADA--NOMBRE PERSONAL
Nombre de persona Ares Vidal, Amanda.
9 (RLIN) 22634
830 0# - PUNTO DE ACCESO ADICIONAL DE SERIE-TÍTULO UNIFORME
Título uniforme Biblioteca de técnicas y lenguajes corporales ;
Designación de volumen o secuencia 2
9 (RLIN) 184147
852 ## - LOCALIZACIÓN
Ubicación ES-MaACL
Número de control de estantería L-9726
Sublocalización o colección R.111533
Holdings
Estatus retirado Estado de pérdida Estado de daño No para préstamo Biblioteca de origen Biblioteca actual Ubicación en estantería Fecha de adquisición Fuente de adquisición Total de préstamos Signatura topográfica completa Código de barras Visto por última vez Precio de reemplazo Tipo de ítem Koha
        Biblioteca del Ateneo de Madrid Biblioteca del Ateneo de Madrid Depósito 2 17/01/2008     L-9726 1091433 23/02/2023 23/02/2023 Libro impreso